Регионална библиотека "Любен Каравелов" - Русе

Песни на роба (Запис номер 343096)

MARC детайли
000 -Лидер
Контролно поле с фиксирана дължина 01101nam a2200301 c 4500
003 - Код на организацията, давaща контролен номер
Контролно поле BLK
005 - Дата и час на последна редакция
Контролно поле 20210630145521.0
008 - Елементи от данни с фиксирана дължина
fixed length control field 180911b bul|||||r ||||||| ||bul||
010 ## - Наследен системен номер
LC control number 002757
040 ## - Източник на каталожния запис
Идентификатор на билиотеката - собственик на записа BLK
041 ## - Код за език
Код за езика на текст/звукозапис или на отделно заглавие Български
Код за езика КДБФ Български
080 ## - УДК
УДК - код + определител 885.0-1
100 1# - Редна дума - Автор
Автор Чех, Сватоплук
Авторска отговорност първи автор
R(LIN) 141644
139 ## - Редно поле
Редна дума Чех, Сватоплук
245 00 - Сведения за заглавието
Заглавие Песни на роба
Редно поле (дума) Сватоплук Чех ; Прев. от ориг. С. Чилингиров
246 ## - Различни форми на заглавието
Наименование на поредна част от произведението лирика-поеми
260 ## - Област на издателските данни
Място на издаване, разпространение и проч. София
Име на издателя, разпространителя и проч. Д-во Бълг.-чешка взаимност
Година на издаване 1919
Печатница Придворна печ.
300 ## - Физическа характеристика
Страници 77 с
Размери/Мащаб 19 см
380 ## - Жанр
Жанр Худож. лит.
490 ## - СЕРИИ (Колекции)
Име на серия Частна колекция - Академик Михаил Арнаудов
Бележки за серията Дарение - Основен фонд
500 ## - Общи забележки
Забележка Автограф с текст: На моя приятел проф. М. Арнаудов. София 9. V. 919. С. Чилингиров;
653 ## - Ключова дума – ненормативна
Ключова дума лирика
653 ## - Ключова дума – ненормативна
Ключова дума поеми
655 ## - Ключова дума – жанр/разновидност
Данни за жанр/разновидност или ключова дума за фокус чешка литература
700 1# - Други автори (авторска отговорност)
Лично име С. Чилингиров
Автороска отговорност (Описва отношението между автора и произведението) Прев. от ориг.
9 (RLIN) 398602
852 ## - Местоположение
Форматна сигнатура МА 2024
Фондова буква Фонд "Михаил Арнаудов"
852 ## - Местоположение
Форматна сигнатура Цб 8.180.4165
Фондова буква Основен фонд - ползва се само за читалня
999 ## - СИСТЕМНИ КОНТРОЛНИ НОМЕРА
Koha biblionumber 343096
Koha biblioitemnumber 343096
942 ## - АРТИКУЛИ
Вид на библиотечния материал Книги
Скрит в OPAC Не
Периодичен библиозапис Да
944 ## - СЪЗДАВАНЕ И РЕДАКЦИЯ на ЗАПИСА
Създаване/Редакция Създаване
Дата на регистрацията/редакция 1997
Служител, извършил регистрацията/редакцията ValK
944 ## - СЪЗДАВАНЕ И РЕДАКЦИЯ на ЗАПИСА
Създаване/Редакция Редакция
Дата на регистрацията/редакция 2021-06-30
Служител, извършил регистрацията/редакцията Христина Везирева
999 ## - СИСТЕМНИ КОНТРОЛНИ НОМЕРА
Koha biblioitemnumber 343096
999 ## - СИСТЕМНИ КОНТРОЛНИ НОМЕРА
Koha biblioitemnumber 343096
999 ## - СИСТЕМНИ КОНТРОЛНИ НОМЕРА
Koha biblioitemnumber 343096
999 ## - СИСТЕМНИ КОНТРОЛНИ НОМЕРА
Koha biblioitemnumber 343096
Наличности
Код за отписване Код за изгубен артикул Източник на класификационната схема Код за повреда Коз за рестрикции Код за отдаване Артикулен № Име на библиотеката - собственик Име на библиотеката, в която се намира в момента Статус (Текущо местоположение) Местоположение - отдел Цена в лева Номерация (Хронология) Инвентарен номер Систематично азбучна сигнатура Баркод Номер на екземпляра Цена в евро Служебен тип на артикула Дата на вписване в системата
  Не е изгубен Universal Decimal Classification Не е повреден само за читалня Специални фондове ( старопечатни, редки и ценни, фонд М. Арнаудов) 743248 Регионална библиотека "Любен Каравелов" Русе Регионална библиотека "Любен Каравелов" Русе Фонд "Михаил Арнаудов" Фонд "Михаил Арнаудов" 5.00 Автограф: Стоян Чилингиров 590383 МА 2024 120000590383 1 2.56 Книги  
  Не е изгубен Universal Decimal Classification Не е повреден само за читалня ползва се в читалня 840364 Регионална библиотека "Любен Каравелов" Русе Регионална библиотека "Любен Каравелов" Русе Хранилище Основен фонд - ползва се само за читалня 0.06   4165 Цб 8.180.4165 900000068478   0.03 Книги 2021-07-02
  Не е изгубен Universal Decimal Classification Не е повреден само за читалня ползва се в читалня 842987 Регионална библиотека "Любен Каравелов" Русе Регионална библиотека "Любен Каравелов" Русе Хранилище Основен фонд - ползва се само за читалня 0.15   12222/58 Цб 8.185.4165 900000069643   0.08 Книги 2021-07-14
Vip Innovations Ltd, Rousse, Bulgaria 2025